Statystyki dla Największe Państwa Europy

Kliknij tutaj aby rozwiązać quiz!

Ogólne statystyki

  • Ten quiz został rozwiązany 1 081 razy
  • Średni wynik to 13 z 15

Statystyki odpowiedzi

Kraje% Poprawnych
Polska
99%
Rosja
99%
Francja
97%
Niemcy
97%
Hiszpania
96%
Ukraina
96%
Szwecja
93%
Norwegia
92%
Włochy
91%
Finlandia
90%
Wielka Brytania
89%
Białoruś
83%
Rumunia
79%
Grecja
77%
Bułgaria
66%

Rozkład punktacji

Percentyl według liczby udzielonych odpowiedzi

Procent ludzi z każdym wynikiem

Twoja historia wyników

Nie rozwiązałeś tego quizu